000 00279nam a22001217a 4500
008 170718b xxu||||| |||| 00| 0 eng d
041 _aeng
080 _a2
100 _a24
101 _aTEO
245 _aTHE STORY OF JEWISH HOLIDAYR AND CUSTOMS
_cZELIGS, D.F
942 _2udc
_cBK
999 _c21416
_d21416